| 000 | 00406nab a2200145Ia 4500 | ||
|---|---|---|---|
| 003 | ES-SlBCS | ||
| 005 | 20210601142137.0 | ||
| 008 | 140529s2002 xxu||||| |||| 00| 0 spa d | ||
| 041 | _aspa | ||
| 100 | 1 |
_aCarbonell, José V. _9265608 |
|
| 245 | 0 | 0 |
_aI+d en tecnología de alimentos _c José V. Carbonell |
| 650 | 0 | 4 |
_aAlimentos _993830 |
| 773 | 0 |
_tIberica _gnº. 448, 2002, págs. 2-4 _wRev1238 |
|
| 942 | _cAR | ||
| 999 |
_c672281 _d672281 |
||